KOHA-Header-6

Azeem Log Jhinonay Dunya Badal Dali (Record no. 6174)

000 -LEADER
fixed length control field 00269nam a2200109Ia 4500
008 - FIXED-LENGTH DATA ELEMENTS--GENERAL INFORMATION
fixed length control field 190906s9999||||xx |||||||||||||| ||und||
100 ## - MAIN ENTRY--PERSONAL NAME
Personal name Agan Larson
245 #0 - TITLE STATEMENT
Title Azeem Log Jhinonay Dunya Badal Dali
260 ## - PUBLICATION, DISTRIBUTION, ETC. (IMPRINT)
Place of publication, distribution, etc Lahore
Name of publisher, distributor, etc Fiction House
Date of publication, distribution, etc 2004
300 ## - PHYSICAL DESCRIPTION
Extent 256
942 ## - ADDED ENTRY ELEMENTS (KOHA)
Koha item type Books
Holdings
Withdrawn status Lost status Damaged status Not for loan Collection code Permanent Location Current Location Shelving location Date acquired Full call number Barcode Date last seen Price effective from Koha item type
        Urdu Literature MAJU MAJU   2019-09-06 926 4086 2021-09-16 2019-09-06 Urdu Literature

Powered by Koha